best selling console in every generation - Statistics

General Stats
  • This quiz has been taken 19 times
  • The average score is 6 of 9
Answer Stats
Answer Sales Generation % Correct
Playstation 4 117,000,000 Units Gen 8
100%
Playstation 2 155,000,000 Units Gen 6
88%
Nintendo Switch 122,000,000 Units and counting Gen 9
81%
Super Nintendo 49,000,000 Units Gen 4
81%
Atari 2600 30,000,000 Units Gen 2
75%
Nintendo Wii 102,000,000 Units Gen 7
69%
Playstation 102,000,000 Units Gen 5
69%
Nintendo Entertainment System 62,000,000 Units Gen 3
56%
Nintendo Color-TV 3,000,000 Units Gen 1
6%
No matching quizzes found
Score Distribution
Percent of People with Each Score
Percentile by Number Answered
Your Score History
You have not taken this quiz